[Event "Uni De Paula Santander op 3rd"]
[Site "Ocana"]
[Date "2017.09.30"]
[Round "3"]
[White "Hernandez Fonseca, Maria Paula"]
[Black "Mojica Hernandez, Nancy"]
[Result "1-0"]
[WhiteElo "1973"]
[BlackElo "1833"]
[PlyCount "57"]
[EventDate "2017.09.29"]
[EventType "swiss"]
[EventRounds "7"]
[EventCountry "COL"]
[SourceTitle "CBM 181 Extra"]
[Source "ChessBase"]
[SourceDate "2017.12.12"]
[SourceVersion "1"]
[SourceVersionDate "2017.12.12"]
[SourceQuality "1"]

1. e4 c5 2. Nf3 e6 3. d4 cxd4 4. Nxd4 a6 5. c4 Qc7 6. Nc3 Nf6 7. Bd3 Be7 8. Qe2 d6 9. 0-0 Nbd7 10. f4 b6 11. Kh1 Bb7 12. Bd2 0-0 13. Rae1 Rfe8 14. e5 d5 15. exf6 Bxf6 16. Nf3 dxc4 17. Bxc4 b5 18. Bd3 Nc5 19. Bb1 Red8 20. Ng5 h6 21. Nge4 Nxe4 22. Nxe4 Bxb2 23. Bb4 Bd4 24. Rc1 Qb6 25. Qc2 f5 26. Ng3 Rac8 27. Qe2 a5 28. Rxc8 Rxc8 29. Qe1 1-0

[Event "San Cristobal op 3rd"]
[Site "San Cristobal"]
[Date "2016.11.10"]
[Round "2"]
[White "Obregon Peralta, Victor Marco"]
[Black "Mojica Hernandez, Nancy"]
[Result "1-0"]
[WhiteElo "2137"]
[BlackElo "1844"]
[PlyCount "68"]
[EventDate "2016.11.10"]
[EventType "swiss"]
[EventRounds "7"]
[EventCountry "VEN"]
[SourceTitle "EXT 2018"]
[Source "ChessBase"]
[SourceDate "2017.10.13"]
[SourceVersion "1"]
[SourceVersionDate "2017.10.13"]
[SourceQuality "1"]

1. d4 Nf6 2. Nc3 d5 3. Bf4 e6 4. e3 Bd6 5. Bg3 0-0 6. Bd3 c5 7. Nf3 Nc6 8. 0-0 Bxg3 9. hxg3 c4 10. Be2 a6 11. a4 Rb8 12. b3 b5 13. axb5 axb5 14. bxc4 bxc4 15. Qc1 Qc7 16. Na4 e5 17. dxe5 Nxe5 18. Nc3 Bf5 19. Rd1 Rfd8 20. Nxe5 Qxe5 21. Rd4 h6 22. Bf3 Be4 23. Qd2 Bxf3 24. gxf3 Qf5 25. Kg2 Qc8 26. Nxd5 Nxd5 27. Rxd5 Re8 28. Qd4 Rb7 29. Rc5 Qe6 30. Qxc4 Qb6 31. Rc8 Rb8 32. Rxe8+ Rxe8 33. Ra6 Qb7 34. Qc6 Qb8 1-0

[Event "Ocana op 1st"]
[Site "Ocana"]
[Date "2015.09.27"]
[Round "6"]
[White "Aguas, Jose Luis"]
[Black "Mojica Hernandez, Nancy"]
[Result "1/2-1/2"]
[WhiteElo "1686"]
[BlackElo "1889"]
[PlyCount "56"]
[EventDate "2015.09.25"]
[EventType "swiss"]
[EventRounds "7"]
[EventCountry "COL"]
[SourceTitle "EXT 2016"]
[Source "ChessBase"]
[SourceDate "2015.10.08"]
[SourceVersion "1"]
[SourceVersionDate "2015.10.08"]
[SourceQuality "1"]

1. d4 d5 2. c4 c6 3. Nc3 Nf6 4. e3 e6 5. Nf3 Bd6 6. Bd3 Nbd7 7. 0-0 0-0 8. e4 dxe4 9. Nxe4 Nxe4 10. Bxe4 f5 11. Bc2 Nf6 12. c5 Bc7 13. Re1 Nd5 14. Ng5 Qf6 15. Qh5 h6 16. Nf3 Bd7 17. Ne5 Rad8 18. Bd2 Be8 19. Qh3 Bf7 20. Rad1 Rfe8 21. Bb3 Kh8 22. f4 a5 23. a3 Ra8 24. Re2 a4 25. Ba2 Ba5 26. Qf3 Bxd2 27. Rexd2 Re7 28. Re1 Be8 1/2-1/2

[Event "VEN-ch (Women)"]
[Site "Lecheria"]
[Date "2014.01.15"]
[Round "9"]
[White "Mojica Hernandez, Nancy"]
[Black "Campos Perez, Melanny"]
[Result "1-0"]
[WhiteElo "1955"]
[BlackElo "1909"]
[PlyCount "123"]
[EventDate "2014.01.10"]
[EventType "swiss"]
[EventRounds "9"]
[EventCountry "VEN"]
[SourceTitle "CBM 158 Extra"]
[Source "ChessBase"]
[SourceDate "2014.02.28"]
[SourceVersion "1"]
[SourceVersionDate "2014.02.28"]
[SourceQuality "1"]

1. e4 e6 2. Qe2 d5 3. exd5 Qxd5 4. Nc3 Qd8 5. Nf3 Nf6 6. g3 Bd6 7. Bg2 0-0 8. 0-0 Nc6 9. d4 Re8 10. Rd1 h6 11. Nb5 Bf8 12. Bf4 Nd5 13. Bc1 a6 14. Nc3 Bd7 15. Ne4 Na5 16. c4 Nf6 17. Ne5 Bc6 18. Nxc6 Nxc6 19. Nxf6+ Qxf6 20. Bxc6 bxc6 21. Bf4 Bd6 22. Be3 g5 23. Qg4 Qg6 24. Qf3 f5 25. c5 f4 26. Bd2 Bf8 27. Qxc6 Bg7 28. Bc3 Qf7 29. Rd3 fxg3 30. hxg3 Rf8 31. Rf1 h5 32. Kg2 h4 33. Qe4 Rad8 34. g4 Qf4 35. Qxf4 Rxf4 36. f3 Rd5 37. Re1 Kf7 38. Re4 e5 39. Ba5 Rxe4 40. fxe4 Rxd4 41. Rf3+ Kg6 42. Bxc7 Rxe4 43. Bd6 Rxg4+ 44. Kh2 e4 45. Rf2 e3 46. Re2 Re4 47. c6 Be5+ 48. Bxe5 Rxe5 49. c7 Re8 50. Rxe3 Rc8 51. Rc3 g4 52. b4 Kf7 53. a4 g3+ 54. Kh3 Ke7 55. b5 Kd7 56. b6 a5 57. b7 Rxc7 58. b8Q Rxc3 59. Qb5+ Ke6 60. Qxa5 Rc2 61. Qb6+ Ke5 62. Qe3+ 1-0

[Event "VEN-ch (Women)"]
[Site "Lecheria"]
[Date "2014.01.14"]
[Round "8"]
[White "Vasquez Alcala, Astrid"]
[Black "Mojica Hernandez, Nancy"]
[Result "1-0"]
[WhiteElo "1930"]
[BlackElo "1955"]
[PlyCount "51"]
[EventDate "2014.01.10"]
[EventType "swiss"]
[EventRounds "9"]
[EventCountry "VEN"]
[SourceTitle "CBM 158 Extra"]
[Source "ChessBase"]
[SourceDate "2014.02.28"]
[SourceVersion "1"]
[SourceVersionDate "2014.02.28"]
[SourceQuality "1"]

1. d4 Nf6 2. Nf3 d5 3. g3 g6 4. Bg2 Bg7 5. 0-0 0-0 6. Ne5 Nbd7 7. f4 Nb6 8. Nd2 Bf5 9. h3 h5 10. e3 Qc8 11. Kh2 c5 12. c3 c4 13. Re1 Rb8 14. Qe2 Be6 15. e4 dxe4 16. Nxe4 Nxe4 17. Qxe4 Bd5 18. Qe2 Bxg2 19. Qxg2 Bxe5 20. fxe5 e6 21. Bh6 Re8 22. Qf3 Nd5 23. Re4 f5 24. exf6 Kf7 25. Re5 Rg8 26. Rae1 1-0

[Event "VEN-ch (Women)"]
[Site "Lecheria"]
[Date "2014.01.13"]
[Round "6"]
[White "Herrera Sosa, Jessica"]
[Black "Mojica Hernandez, Nancy"]
[Result "1-0"]
[WhiteElo "1956"]
[BlackElo "1955"]
[PlyCount "71"]
[EventDate "2014.01.10"]
[EventType "swiss"]
[EventRounds "9"]
[EventCountry "VEN"]
[SourceTitle "CBM 158 Extra"]
[Source "ChessBase"]
[SourceDate "2014.02.28"]
[SourceVersion "1"]
[SourceVersionDate "2014.02.28"]
[SourceQuality "1"]

1. e4 c5 2. Nf3 e6 3. d4 cxd4 4. Nxd4 a6 5. Bd3 Qc7 6. 0-0 Nf6 7. c4 Be7 8. Nc3 d6 9. Be3 Nbd7 10. f4 b6 11. f5 e5 12. Nc2 Bb7 13. Nb4 Nc5 14. Rc1 Nxd3 15. Qxd3 0-0 16. Ncd5 Bxd5 17. cxd5 Qb7 18. Rc6 Nd7 19. Qe2 a5 20. Nc2 Rac8 21. Qb5 Rb8 22. b4 axb4 23. Nxb4 Nc5 24. Qc4 Ra8 25. f6 gxf6 26. Bh6 Rfe8 27. Qe2 Kh8 28. Qh5 Rg8 29. Rf3 Rg6 30. Rh3 Nxe4 31. Rc4 Rag8 32. Rxe4 Rxg2+ 33. Kf1 R2g6 34. Bf8 R8g7 35. Bxg7+ Rxg7 36. Rg4 1-0

[Event "VEN-ch (Women)"]
[Site "Lecheria"]
[Date "2014.01.12"]
[Round "5"]
[White "Mojica Hernandez, Nancy"]
[Black "Aponte Montes de Oca, Oriana Isabel"]
[Result "0-1"]
[WhiteElo "1955"]
[BlackElo "2066"]
[PlyCount "58"]
[EventDate "2014.01.10"]
[EventType "swiss"]
[EventRounds "9"]
[EventCountry "VEN"]
[SourceTitle "CBM 158 Extra"]
[Source "ChessBase"]
[SourceDate "2014.02.28"]
[SourceVersion "1"]
[SourceVersionDate "2014.02.28"]
[SourceQuality "1"]

1. e4 c5 2. Nf3 d6 3. d4 cxd4 4. Nxd4 Nf6 5. Nc3 a6 6. Bg5 e6 7. f4 Qb6 8. Nb3 Be7 9. Qf3 Nbd7 10. 0-0-0 Qc7 11. Bd3 b5 12. Rhe1 Bb7 13. Qg3 b4 14. Nb1 Rc8 15. N1d2 h6 16. Bxf6 Bxf6 17. Kb1 0-0 18. Nf3 a5 19. e5 dxe5 20. fxe5 Bxf3 21. gxf3 Bxe5 22. Qg2 a4 23. f4 Bxb2 24. Rg1 axb3 25. cxb3 Bc3 26. Qg4 Nc5 27. Bc2 Qa5 28. a4 bxa3 29. Ka2 Na6 0-1

[Event "VEN-ch (Women)"]
[Site "Lecheria"]
[Date "2014.01.12"]
[Round "4"]
[White "Mojica Hernandez, Nancy"]
[Black "Ruiz, Milagros"]
[Result "1-0"]
[WhiteElo "1955"]
[BlackElo "1933"]
[PlyCount "89"]
[EventDate "2014.01.10"]
[EventType "swiss"]
[EventRounds "9"]
[EventCountry "VEN"]
[SourceTitle "CBM 158 Extra"]
[Source "ChessBase"]
[SourceDate "2014.02.28"]
[SourceVersion "1"]
[SourceVersionDate "2014.02.28"]
[SourceQuality "1"]

1. e4 c5 2. Nf3 Nc6 3. d4 cxd4 4. Nxd4 Nf6 5. Nc3 e5 6. Ndb5 d6 7. Bg5 a6 8. Bxf6 gxf6 9. Na3 b5 10. Nd5 f5 11. exf5 Bxf5 12. c3 Bg7 13. Nc2 Ne7 14. Nce3 Bg6 15. Be2 Nxd5 16. Qxd5 f5 17. Qc6+ Kf7 18. Rd1 Bf8 19. a4 Kg7 20. axb5 f4 21. Qb7+ Bf7 22. Nc4 Kf6 23. Nb6 Be7 24. Nxa8 Qxa8 25. Qxa8 Rxa8 26. bxa6 d5 27. Bb5 Bc5 28. b4 Be7 29. Ra1 Ra7 30. Ke2 d4 31. cxd4 Bxb4 32. dxe5+ Kxe5 33. Rhd1 Bd5 34. f3 Bc5 35. Rac1 Bd4 36. Rc8 Bf7 37. Rd8 Be3 38. R1d7 Be6 39. Rxa7 Bxa7 40. Re8 Kd6 41. Rh8 Kc5 42. Bd3 Kb6 43. Rxh7 Bc8 44. h4 Bb8 45. h5 1-0

[Event "VEN-ch (Women)"]
[Site "Lecheria"]
[Date "2014.01.11"]
[Round "3"]
[White "Hermoso Rodriguez, Obdulis"]
[Black "Mojica Hernandez, Nancy"]
[Result "1/2-1/2"]
[WhiteElo "2016"]
[BlackElo "1955"]
[PlyCount "140"]
[EventDate "2014.01.10"]
[EventType "swiss"]
[EventRounds "9"]
[EventCountry "VEN"]
[SourceTitle "CBM 158 Extra"]
[Source "ChessBase"]
[SourceDate "2014.02.28"]
[SourceVersion "1"]
[SourceVersionDate "2014.02.28"]
[SourceQuality "1"]

1. e4 c5 2. Nf3 e6 3. d3 Nc6 4. g3 g6 5. Bg2 Bg7 6. 0-0 Nge7 7. c3 d5 8. Nbd2 0-0 9. Re1 Qc7 10. Nf1 dxe4 11. dxe4 e5 12. h3 h6 13. Ne3 Rd8 14. Qe2 a6 15. Nh2 Be6 16. Neg4 Kh7 17. Nf1 c4 18. Be3 Rd3 19. Red1 Rad8 20. Rd2 Rxd2 21. Nxd2 b5 22. Nh2 Rd3 23. Bf1 Qd8 24. Rd1 f5 25. Qe1 Rd7 26. Rc1 Ng8 27. Bg2 Nce7 28. Nhf3 Qc7 29. exf5 gxf5 30. Nf1 Nd5 31. Rd1 Nxe3 32. Rxd7 Qxd7 33. Nxe3 e4 34. Nh2 Ne7 35. Qd1 Nd5 36. Nhf1 Nxe3 37. Qxd7 Bxd7 38. Nxe3 Kg6 39. f3 exf3 40. Bxf3 Bf8 41. Nd5 Bc5+ 42. Kg2 a5 43. a3 Kf7 44. Kf1 Ke6 45. Nf4+ Ke5 46. Ke2 Be8 47. Bb7 b4 48. axb4 axb4 49. cxb4 Bxb4 50. Ba6 Bf7 51. b3 Kd4 52. bxc4 Bxc4+ 53. Bxc4 Kxc4 54. Kf3 Kd4 55. g4 fxg4+ 56. Kxg4 Ke4 57. Ng6 Bd2 58. Kh5 Kf5 59. Nh4+ Kf6 60. Kg4 Bc1 61. Nf3 Kg6 62. Ne5+ Kf6 63. Nd3 Bd2 64. Nc5 Kg6 65. Nd7 Bc1 66. Ne5+ Kf6 67. Nd3 Bd2 68. h4 Kg7 69. h5 Bg5 70. Kf5 Bd2 1/2-1/2

[Event "San Cristobal Bolivar op 1st"]
[Site "San Cristobal"]
[Date "2012.09.26"]
[Round "3"]
[White "Mojica Hernandez, Nancy"]
[Black "Ostos, Julio Eduardo"]
[Result "0-1"]
[WhiteElo "1976"]
[BlackElo "2326"]
[PlyCount "88"]
[EventDate "2012.09.25"]
[EventType "swiss"]
[EventRounds "10"]
[EventCountry "VEN"]
[SourceTitle "EXT 2013"]
[Source "ChessBase"]
[SourceDate "2012.11.22"]
[SourceVersion "1"]
[SourceVersionDate "2012.11.22"]
[SourceQuality "1"]

1. e4 e6 2. d4 d5 3. exd5 exd5 4. Bd3 Nc6 5. c3 Bd6 6. Nf3 h6 7. h3 Qf6 8. Be3 Nge7 9. 0-0 Bf5 10. Re1 0-0 11. Bxf5 Nxf5 12. Bd2 Rfe8 13. Na3 Bxa3 14. bxa3 Nd6 15. Qb3 Qf5 16. Rxe8+ Rxe8 17. Re1 Rxe1+ 18. Bxe1 Na5 19. Qb4 Nac4 20. Qa4 a5 21. Qd1 Nxa3 22. Qe2 Qe4 23. Qxe4 dxe4 24. Ne5 Nac4 25. Nd7 b6 26. Kf1 f5 27. f3 Ne3+ 28. Kf2 Nd5 29. Ne5 b5 30. Ke2 Nc4 31. fxe4 fxe4 32. Nxc4 bxc4 33. Kd2 h5 34. g3 Kf7 35. g4 hxg4 36. hxg4 c6 37. Ke2 Nf4+ 38. Kd2 Kg6 39. Bg3 Nd5 40. Bh4 a4 41. a3 Kf7 42. Bg3 Ke6 43. Be5 g6 44. Bg3 e3+ 0-1